Number 1 hits of 2020 - Statistics

General Stats
  • This quiz has been taken 107 times
  • The average score is 9 of 20
Answer Stats
Singer Song % Correct
The Weeknd Blinding Lights
79%
Cardi B Ft. Megan Thee Stallion WAP
76%
Harry Styles Watermelon Sugar
70%
BTS Dynamite
62%
Megan Thee Stallion Ft. Beyonce Savage
62%
Roddy Rich The Box
62%
Lady Gaga Ft. Ariana Grande Rain on Me
55%
24kGoldn Ft. Iann Dior Mood
52%
Dababy Ft. Roddy Rich Rockstar
48%
Doja Cat Ft. Nicki Minaj Say So
46%
Ariana Grande Positions
40%
Taylor Swift Cardigan
39%
Ariana Grande Ft. Justin Bieber Stuck with U
34%
Taylor Swift Willow
30%
Drake Toosie Slide
27%
Travis Scott Ft. Kid Cudi The Scotts
26%
6ix9ine Ft. Nicki Minaj Trollz
25%
Travis Scott Ft. Young Thug, M.I.A Franchise
17%
BTS Life Goes On
13%
Jawsh 685 Ft. Jason Derulo Savage Love (Laxed-Siren Beat)
3%
No matching quizzes found
Score Distribution
Percent of People with Each Score
Percentile by Number Answered
Your Score History
You have not taken this quiz